Documentos del Concilio Ecuménico Vaticano II

Sparad:
Bibliografiska uppgifter
Materialtyp: Bok
Språk:spanska
Publicerad: Madrid Paulinas 1975
Upplaga:3a. ed
Ämnen:
Taggar: Lägg till en tagg
Inga taggar, Lägg till första taggen!

MARC

LEADER 00000nam a2200000 a 4500
001 UCZ0650
003 CL-VaPUC
008 950804e19750000SP |||||||||||||||||spa|d
082 0 4 |a 262.5  |b DOC  |2 21 
245 1 0 |a Documentos del Concilio Ecuménico Vaticano II 
250 |a 3a. ed 
300 |a 716 p 
942 |c BK 
945 |d 19950804 00:00:00  |a cmena 
260 |a Madrid  |b Paulinas  |c 1975 
500 |a Texto oficial de la Secretaría General del Concilio 
650 0 |a Encíclicas  |9 255643 
650 0 |a Documentos pontificios   |9 255642 
650 7 |a MENSAJES  |2 CL-VaPUC  |9 335531 
650 0 |a Iglesia Católica  |9 256114 
583 |a last modification  |c 19950804 00:00:00  |k Rodrigo Vera 
999 |c 237563  |d 237561